| 000 | 00883nam a2200205Ii 4500 | ||
|---|---|---|---|
| 003 | JO-AjNU | ||
| 008 | 230605s9999||||xx |||||||||||||| ||und|| | ||
| 017 | _a2010/11430 | ||
| 040 |
_aJO-AjNU _bara _erda _cJO-AjNU |
||
| 041 | _aara | ||
| 050 | 1 | 4 | _aP96 2011 |
| 100 | 3 |
_aالمنظمة العربية للتنمية الأدارية، القاهرة, _eauthor _934413 |
|
| 245 | 0 | 0 | _aالإعلام الألكتروني: بحوث وأوراق عمل: القاهرة، المنظمة العربية للتنمية الأدارية 2011 |
| 264 | 3 | 1 | _aالقاهرة: المنظمة العربية للتنمية الادارية، 2011 |
| 300 | _a339ص | ||
| 336 |
_atext _btxt _2rdacontent |
||
| 337 |
_aunmediated _bn _2rdamedia |
||
| 338 |
_avolume _bnc _2rdacarrier |
||
| 650 | 4 |
_aالبلاد العربية - الاعلام العربي - - تاريخ - مؤتمرات _934414 |
|
| 999 |
_aA14108 _c17676 _d17676 |
||